000 00747cam a2200253 4500500
005 20260405003335.0
041 _afre
042 _adc
100 1 0 _aLarmagnac-Matheron, Octave
_eauthor
245 0 0 _aPasse sanitaire : Macron a-t-il inventé la quasi-obligation ?
260 _c2021.
500 _a19
690 _aContrainte
690 _aDroit
690 _aJohn Stuart Mill
690 _aLiberté
690 _aMacron
690 _aNudge
690 _aRousseau
690 _aVaccinations
690 _aVaccins obligatoires
786 0 _nPhilosophie magazine | 152 | 9 | 2021-09-01 | p. 10-10 | 1951-1787
856 4 1 _uhttps://shs.cairn.info/magazine-philosophie-magazine-2021-9-page-10?lang=fr&redirect-ssocas=7080
999 _c2066645
_d2066645